书目信息 |
| 题名: |
山水中国
|
|
| 作者: | 段宝林 , 江溶 主编 ;辛平 , 孙怀宽 编著 | |
| 分册: | 东北内蒙卷 | |
| 出版信息: | 北京 北京大学出版社 2009.10 |
|
| 页数: | 407页 | |
| 开本: | 23cm | |
| 丛书名: | ||
| 单 册: | ||
| 中图分类: | K928.70 | |
| 科图分类: | ||
| 主题词: | 风景区--简介--东北地区--中国 , 名胜古迹--简介--东北地区 , 风景区--简介--内蒙古 , 名胜古迹--简介--内蒙古 | |
| 电子资源: | ||
| ISBN: | 978-7-301-15897-5 | |
| 000 | 01021nam0 2200301 450 | |
| 001 | 012010610322 | |
| 005 | 20100526140330.50 | |
| 009 | 012004406526 | |
| 010 | @a978-7-301-15897-5@dCNY45.00 | |
| 100 | @a20100515d2009 em y0chiy0110 ea | |
| 101 | 0 | @achi |
| 102 | @aCN@b110000 | |
| 105 | @aa z 000yy | |
| 200 | 1 | @a山水中国@Ashan shui zhong guo@i东北内蒙卷@f段宝林, 江溶主编@Fduan bao lin,jiang rong zhu bian@g辛平, 孙怀宽等编著 |
| 210 | @a北京@c北京大学出版社@d2009.10 | |
| 215 | @a407页@c图@d23cm | |
| 330 | @a本书分为八编,内容包括:沈阳辽东之旅、辽西辽南之旅、长春吉林之旅、长白山集安之旅、哈尔滨牡丹江之旅等。 | |
| 606 | 0 | @a风景区@x简介@y东北地区@y中国 |
| 606 | 0 | @a名胜古迹@x简介@y东北地区 |
| 606 | 0 | @a风景区@x简介@y内蒙古 |
| 606 | 0 | @a名胜古迹@x简介@y内蒙古 |
| 690 | @aK928.70@v4 | |
| 701 | 0 | @a段宝林@Aduan bao lin@4主编 |
| 701 | 0 | @a江溶@Ajiang rong@4主编 |
| 702 | 0 | @a辛平@Axin ping@4编著 |
| 702 | 0 | @a孙怀宽@Asun huai kuan@4编著 |
| 801 | 0 | @aCN@c20100515 |
| 905 | @dK928.70@eD915@f3 | |
| 山水中国.东北内蒙卷/段宝林, 江溶主编/辛平, 孙怀宽等编著.-北京:北京大学出版社,2009.10 |
| 407页:图;23cm |
| ISBN 978-7-301-15897-5:CNY45.00 |
| 本书分为八编,内容包括:沈阳辽东之旅、辽西辽南之旅、长春吉林之旅、长白山集安之旅、哈尔滨牡丹江之旅等。 |
| ● |
| 相关链接 |
|
|
|
正题名:山水中国
索取号:K928.70/D915
 
预约/预借
| 序号 | 登录号 | 条形码 | 馆藏地/架位号 | 状态 | 备注 |
| 1 | 983496 | 209834964 | 社科库309/309社科库 17排3列4层/ [索取号:K928.70/D915] | 在馆 | |
| 2 | 983497 | 209834973 | 社科库309/309社科库 17排3列4层/ [索取号:K928.70/D915] | 在馆 | |
| 3 | 983498 | 209834982 | 社科库309/309社科库 17排3列4层/ [索取号:K928.70/D915] | 在馆 |